000 00538cam a22001571 4500
082 _a621.319
_bDEW
_cL-10, P-29
100 2 _aDe Weese, Fred C.
_941445
245 1 0 _aTransmission lines;
_bdesign, construction and performance,
_cby Fred C. De Weese ...
250 _a1st ed.
260 _aNew York,
_aLondon,
_bMcGraw-Hill book company, inc.,
_c1945.
300 _avii, 297 p.
_billus., diagrs. (1 fold.)
_c22 cm.
526 _a0
_b0
_c0
_d621_319000000000000_DEW
650 0 _aElectric lines.
_941292
650 0 _aMCE
_9379
942 _2ddc
_cBK
999 _c545551
_d545551